000 00724nam a22001817a 4500
005 20260416114811.0
008 240814b ||||| |||| 00| 0 eng d
082 _22023
_aUT
100 _aEmbaan, Excel.
_957607
245 _aLived experiences of startup pharmaceutical owners :
_binsight from starters /
_cExcel Embaan, Trisha Gabrielle T. Gumawa, and Wenona Gee D. Paden
260 _aDigos City :
_bUMDC,
_c©March 2023.
300 _aviii, 105 pages :
_c30 cm.
_billustrations (some colors) :
500 _aIncludes references and appendices.
650 _aFinancial Management.
_xUndergraduate Thesis.
_957483
700 _aGumawa, Trisha Gabrielle T.
_957608
700 _aPaden, Wenona Gee D.
_957609
942 _2ddc
_cUT
999 _c20410
_d20410